Ariana Grande - Chansons commençant par T - Statistiques

Statistiques générales
  • Ce quiz a été pris 27 fois
  • Le résultat moyen est 4 sur 9
Statistiques - réponses
T % Correct
thank u, next
79%
True Story
58%
Tattooed Heart
54%
Test Drive
46%
Thinking Bout You
46%
Touch It
42%
twilight zone
38%
Too Close
25%
True Love
17%
Aucun quiz correspondant
Distribution des résultats
% des personnes avec chaque résultat
Percentile par nombre de réponses
Votre historique - résultats
Vous n’avez pas pris ce quiz